[Event "Campeonato España Sub 14"]
[Site "Salobreña"]
[Date "2017.07.19"]
[Round "4"]
[White "Cano Vila, Eduard"]
[Black "Andrade Sandoval, Bianca"]
[Result "0-1"]
[Board "24"]
[WhiteClock "1:30"]
[WhiteElo "1594"]
[WhiteCountry "ESP"]
[WhiteFideId "24509833"]
[WhiteEloChange "-4"]
[BlackClock "1:30"]
[BlackElo "1857"]
[BlackCountry "ESP"]
[BlackFideId "32084609"]
[BlackEloChange "4"]

1. e4 {[%clk 1:30:00]} c5 {[%clk 1:30:00]} 2. Nc3 {[%clk 1:31:00]} e6 {[%clk
1:31:00]} 3. f4 {[%clk 1:31:00]} a6 {[%clk 1:31:00]} 4. Nf3 {[%clk 1:30:00]} d6
{[%clk 1:31:00]} 5. Be2 {[%clk 1:26:00]} b5 {[%clk 1:31:00]} 6. a3 {[%clk
1:25:00]} Bb7 {[%clk 1:31:00]} 7. d3 {[%clk 1:23:00]} Nf6 {[%clk 1:30:00]} 8. O-O
{[%clk 1:21:00]} Be7 {[%clk 1:30:00]} 9. Qe1 {[%clk 1:17:00]} Nbd7 {[%clk
1:29:00]} 10. Qg3 {[%clk 1:07:00]} O-O {[%clk 1:28:00]} 11. Nd1 {[%clk 1:06:00]}
c4 {[%clk 1:26:00]} 12. Ne3 {[%clk 1:01:00]} Nc5 {[%clk 1:20:00]} 13. f5 {[%clk
0:54:00]} e5 {[%clk 1:15:00]} 14. Ng4 {[%clk 0:51:00]} Nxg4 {[%clk 1:12:00]} 15.
Qxg4 {[%clk 0:51:00]} Bf6 {[%clk 1:12:00]} 16. Be3 {[%clk 0:42:00]} cxd3 {[%clk
1:09:00]} 17. cxd3 {[%clk 0:42:00]} Nb3 {[%clk 1:07:00]} 18. Rad1 {[%clk
0:39:00]} Rc8 {[%clk 1:06:00]} 19. Nd2 {[%clk 0:36:00]} Nxd2 {[%clk 1:01:00]} 20.
Rxd2 {[%clk 0:37:00]} d5 {[%clk 1:00:00]} 21. Bd1 {[%clk 0:29:00]} d4 {[%clk
0:57:00]} 22. Bf2 {[%clk 0:27:00]} Bg5 {[%clk 0:54:00]} 23. Re2 {[%clk 0:26:00]}
f6 {[%clk 0:52:00]} 24. Bb3+ {[%clk 0:26:00]} Kh8 {[%clk 0:52:00]} 25. h4 {[%clk
0:16:47]} Bh6 {[%clk 0:51:00]} 26. Qh3 {[%clk 0:15:58]} Qe7 {[%clk 0:49:00]} 27.
Be1 {[%clk 0:12:58]} Qc7 {[%clk 0:43:00]} 28. Bd2 {[%clk 0:12:44]} Bxd2 {[%clk
0:42:00]} 29. Rxd2 {[%clk 0:13:10]} Qa5 {[%clk 0:40:00]} 30. Rdf2 {[%clk
0:13:00]} Rc7 {[%clk 0:40:00]} 31. h5 {[%clk 0:10:27]} Rfc8 {[%clk 0:35:00]} 32.
h6 {[%clk 0:09:33]} Qb6 {[%clk 0:34:00]} 33. Be6 {[%clk 0:09:00]} Rd8 {[%clk
0:34:00]} 34. Rf3 {[%clk 0:08:59]} Qd6 {[%clk 0:32:00]} 35. Rg3 {[%clk 0:07:59]}
Qf8 {[%clk 0:32:00]} 36. Qh4 {[%clk 0:06:30]} Bc8 {[%clk 0:30:00]} 37. Bb3 {[%clk
0:06:32]} Re7 {[%clk 0:26:00]} 38. Rff3 {[%clk 0:06:20]} Rdd7 {[%clk 0:25:00]}
39. Rg4 {[%clk 0:06:16]} Rc7 {[%clk 0:25:00]} 40. Rh3 {[%clk 0:05:10]} g5 {[%clk
0:19:28]} 41. Rhg3 {[%clk 0:04:31]} Be6 {[%clk 0:16:19]} 42. Bxe6 {[%clk
0:03:40]} Rxe6 {[%clk 0:16:42]} 43. Qh5 {[%clk 0:01:48]} Rc1+ {[%clk 0:16:35]}
44. Kh2 {[%clk 0:02:06]} Rec6 {[%clk 0:16:56]} 45. Rh3 {[%clk 0:01:10]} Rb1
{[%clk 0:16:29]} 46. Kg3 {[%clk 0:00:50]} Rxb2 {[%clk 0:16:34]} 47. Rh1 {[%clk
0:00:50]} Rcc2 {[%clk 0:16:22]} 48. Rg1 {[%clk 0:00:45]} Rb3 {[%clk 0:16:21]} 49.
Rd1 {[%clk 0:00:54]} Rcc3 {[%clk 0:16:24]} 50. Kf2 {[%clk 0:01:07]} Rxd3 {[%clk
0:16:38]} 51. Rc1 {[%clk 0:01:09]} Rdc3 {[%clk 0:16:48]} 52. Rd1 {[%clk 0:01:18]}
Rxa3 {[%clk 0:16:39]} 53. Rb1 {[%clk 0:01:12]} d3 {[%clk 0:15:03]} 54. Rd1 {[%clk
0:01:03]} Ra2+ {[%clk 0:14:52]} 55. Ke1 {[%clk 0:01:22]} Rcc2 {[%clk 0:14:10]}
56. Rg3 {[%clk 0:01:13]} Rxg2 {[%clk 0:07:26]} 57. Rxg2 {[%clk 0:01:24]} Rxg2
{[%clk 0:07:48]} 58. Rxd3 {[%clk 0:01:23]} Ra2 {[%clk 0:07:47]} 59. Rd6 {[%clk
0:00:41]} Ra1+ {[%clk 0:05:20]} 60. Kf2 {[%clk 0:00:52]} Kg8 {[%clk 0:05:16]} 61.
Rd5 {[%clk 0:00:36]} Qc8 {[%clk 0:02:34]} 62. Rd2 {[%clk 0:00:48]} Qc5+ {[%clk
0:02:48]} 63. Ke2 {[%clk 0:01:07]} Qc4+ {[%clk 0:02:40]} 64. Kf3 {[%clk 0:00:36]}
Qf1+ {[%clk 0:02:21]} 65. Rf2 {[%clk 0:00:37]} Ra3+ {[%clk 0:02:23]} 66. Kg4
{[%clk 0:00:50]} Qg1+ {[%clk 0:02:43]} 67. Rg2 {[%clk 0:00:59]} Qxg2# {[%clk
0:02:43]} 0-1

[Event "Campeonato España Sub 14"]
[Site "Salobreña"]
[Date "2017.07.19"]
[Round "4"]
[White "Clemente Chen, Alfredo"]
[Black "Gomez Logrosan, Cristian"]
[Result "1/2-1/2"]
[Board "25"]
[WhiteClock "1:30"]
[WhiteElo "1809"]
[WhiteCountry "ESP"]
[WhiteFideId "32066023"]
[WhiteEloChange "-6"]
[BlackClock "1:30"]
[BlackElo "1592"]
[BlackCountry "ESP"]
[BlackFideId "24584762"]
[BlackEloChange "6"]

1. e4 {[%clk 1:30:00]} c5 {[%clk 1:30:00]} 2. Nf3 {[%clk 1:31:00]} d6 {[%clk
1:30:00]} 3. Bb5+ {[%clk 1:31:00]} Bd7 {[%clk 1:30:00]} 4. Bxd7+ {[%clk 1:31:00]}
Qxd7 {[%clk 1:26:00]} 5. O-O {[%clk 1:30:00]} Nc6 {[%clk 1:26:00]} 6. c3 {[%clk
1:27:00]} Nf6 {[%clk 1:24:00]} 7. Re1 {[%clk 1:27:00]} e5 {[%clk 1:21:00]} 8. d4
{[%clk 1:23:00]} cxd4 {[%clk 1:17:00]} 9. cxd4 {[%clk 1:23:00]} Be7 {[%clk
1:13:00]} 10. Nc3 {[%clk 1:20:00]} Rd8 {[%clk 1:06:00]} 11. h3 {[%clk 1:07:00]}
O-O {[%clk 1:01:00]} 12. Be3 {[%clk 1:07:00]} Rfe8 {[%clk 0:43:00]} 13. d5 {[%clk
0:54:00]} Na5 {[%clk 0:28:00]} 14. b3 {[%clk 0:49:00]} b6 {[%clk 0:27:00]} 15.
Rc1 {[%clk 0:47:00]} Rc8 {[%clk 0:26:00]} 16. Qd3 {[%clk 0:33:00]} Qb7 {[%clk
0:21:00]} 17. Ne2 {[%clk 0:26:00]} Qd7 {[%clk 0:15:43]} 18. b4 {[%clk 0:24:00]}
Nb7 {[%clk 0:15:06]} 19. Nc3 {[%clk 0:25:00]} Bd8 {[%clk 0:08:46]} 20. Nd2 {[%clk
0:19:02]} Qe7 {[%clk 0:04:02]} 21. Nb5 {[%clk 0:18:11]} Rxc1 {[%clk 0:02:50]} 22.
Rxc1 {[%clk 0:18:37]} a5 {[%clk 0:02:24]} 23. a3 {[%clk 0:18:19]} h6 {[%clk
0:01:15]} 24. Nc4 {[%clk 0:17:50]} Nd7 {[%clk 0:00:57]} 25. Nb2 {[%clk 0:15:58]}
Rf8 {[%clk 0:00:47]} 26. Na4 {[%clk 0:15:07]} f5 {[%clk 0:00:38]} 27. Rc6 {[%clk
0:14:48]} f4 {[%clk 0:00:37]} 28. Bxb6 {[%clk 0:14:48]} Nxb6 {[%clk 0:00:44]} 29.
Nxb6 {[%clk 0:15:03]} Bxb6 {[%clk 0:01:07]} 30. Rxb6 {[%clk 0:15:27]} axb4 {[%clk
0:01:24]} 31. axb4 {[%clk 0:15:53]} g5 {[%clk 0:01:35]} 32. Rc6 {[%clk 0:16:13]}
Qf6 {[%clk 0:01:17]} 33. Nc7 {[%clk 0:15:40]} Nd8 {[%clk 0:01:33]} 34. Rc3 {[%clk
0:15:58]} h5 {[%clk 0:01:31]} 35. b5 {[%clk 0:16:04]} g4 {[%clk 0:01:22]} 36. f3
{[%clk 0:13:29]} gxh3 {[%clk 0:01:20]} 37. gxh3 {[%clk 0:13:53]} Rf7 {[%clk
0:01:32]} 38. Rc2 {[%clk 0:13:58]} Rg7+ {[%clk 0:01:47]} 39. Rg2 {[%clk 0:13:59]}
Rxg2+ {[%clk 0:02:08]} 40. Kxg2 {[%clk 0:14:25]} Qg7+ {[%clk 0:02:39]} 41. Kh1
{[%clk 0:14:00]} Qxc7 {[%clk 0:03:05]} 42. Qf1 {[%clk 0:13:56]} Qg7 {[%clk
0:02:40]} 43. b6 {[%clk 0:14:23]} Nb7 {[%clk 0:02:42]} 44. Qb5 {[%clk 0:14:39]}
Nc5 {[%clk 0:02:17]} 45. Qe8+ {[%clk 0:14:51]} Kh7 {[%clk 0:00:47]} 46. Qxh5+
{[%clk 0:15:15]} Qh6 {[%clk 0:01:14]} 47. Qf7+ {[%clk 0:15:30]} Kh8 {[%clk
0:00:52]} 48. Qe8+ {[%clk 0:15:53]} Kh7 {[%clk 0:00:40]} 49. Qf7+ {[%clk
0:16:16]} Qg7 {[%clk 0:00:42]} 50. Qh5+ {[%clk 0:16:37]} Kg8 {[%clk 0:00:31]} 51.
Qe8+ {[%clk 0:16:37]} Qf8 {[%clk 0:00:31]} 52. Qg6+ {[%clk 0:16:37]} Qg7 {[%clk
0:00:31]} 1/2-1/2

[Event "Campeonato España Sub 14"]
[Site "Salobreña"]
[Date "2017.07.19"]
[Round "5"]
[White "Gines Esteo, Pedro Antonio"]
[Black "Alonso Garcia, Aaron"]
[Result "1-0"]
[Board "1"]
[WhiteClock "n/a"]
[WhiteTitle "FM"]
[WhiteElo "2375"]
[WhiteCountry "ESP"]
[WhiteFideId "32080190"]
[WhiteEloChange "4"]
[BlackClock "n/a"]
[BlackElo "2119"]
[BlackCountry "ESP"]
[BlackFideId "24521060"]
[BlackEloChange "-4"]

1. d4 {[%clk 1:30:30]} Nf6 {[%clk 1:30:30]} 2. Nf3 {[%clk 1:30:30]} e6 {[%clk
1:30:30]} 3. e3 {[%clk 1:30:30]} Be7 {[%clk 1:30:30]} 4. c4 {[%clk 1:30:30]} b6
{[%clk 1:30:30]} 5. Nc3 {[%clk 1:30:30]} Bb7 {[%clk 1:30:30]} 6. Bd3 {[%clk
1:30:30]} c5 {[%clk 1:30:30]} 7. O-O {[%clk 1:30:30]} cxd4 {[%clk 1:30:30]} 8.
exd4 {[%clk 1:30:30]} O-O {[%clk 1:30:30]} 9. d5 {[%clk 1:30:30]} d6 {[%clk
1:30:30]} 10. dxe6 {[%clk 1:30:30]} fxe6 {[%clk 1:30:30]} 11. Nd4 {[%clk
1:30:30]} Qc8 {[%clk 1:30:30]} 12. Re1 {[%clk 1:30:30]} e5 {[%clk 1:30:30]} 13.
Bf5 {[%clk 1:30:30]} Qe8 {[%clk 1:30:30]} 14. Ndb5 {[%clk 1:30:30]} Qd8 {[%clk
1:30:30]} 15. Be6+ {[%clk 1:30:30]} Kh8 {[%clk 1:30:30]} 16. Nd5 {[%clk 1:30:30]}
Nxd5 {[%clk 1:30:30]} 17. Bxd5 {[%clk 1:30:30]} Bxd5 {[%clk 1:30:30]} 18. Qxd5
{[%clk 1:30:30]} Na6 {[%clk 1:30:30]} 19. Nc3 {[%clk 1:30:30]} Nc7 {[%clk
1:30:30]} 20. Qd3 {[%clk 1:30:30]} Ne6 {[%clk 1:30:30]} 21. Be3 {[%clk 1:30:30]}
Qd7 {[%clk 1:30:30]} 22. Rad1 {[%clk 1:30:30]} Rfd8 {[%clk 1:30:30]} 23. Ne4
{[%clk 1:30:30]} Qb7 {[%clk 1:30:30]} 24. a4 {[%clk 1:30:30]} Rac8 {[%clk
1:30:30]} 25. b3 {[%clk 1:30:30]} Rd7 {[%clk 1:30:30]} 26. Nc3 {[%clk 1:30:30]}
Bf8 {[%clk 1:30:30]} 27. f3 {[%clk 1:30:30]} Rb8 {[%clk 1:30:30]} 28. Qc2 {[%clk
1:30:30]} a6 {[%clk 1:30:30]} 29. Rd3 {[%clk 1:30:30]} Rbd8 {[%clk 1:30:30]} 30.
Red1 {[%clk 1:30:30]} Nc7 {[%clk 1:30:30]} 31. Ne4 {[%clk 1:30:30]} Qc6 {[%clk
1:30:30]} 32. Qd2 {[%clk 1:30:30]} h6 {[%clk 1:30:30]} 33. Rc1 {[%clk 1:30:30]}
Qb7 {[%clk 1:30:30]} 34. a5 {[%clk 1:30:30]} Na8 {[%clk 1:30:30]} 35. Rd1 {[%clk
1:30:30]} b5 {[%clk 1:30:30]} 36. Nc5 {[%clk 1:30:30]} Qc6 {[%clk 1:30:30]} 37.
Nxd7 {[%clk 1:30:30]} Rxd7 {[%clk 1:30:30]} 38. c5 {[%clk 1:30:30]} d5 {[%clk
1:30:30]} 1-0

[Event "Campeonato España Sub 14"]
[Site "Salobreña"]
[Date "2017.07.19"]
[Round "5"]
[White "Arjol Lopez, Daniel"]
[Black "Henderson de La Fuente, Lance"]
[Result "0-1"]
[Board "2"]
[WhiteClock "1:30"]
[WhiteElo "1990"]
[WhiteCountry "ESP"]
[WhiteFideId "32099398"]
[WhiteEloChange "-2"]
[BlackClock "1:30"]
[BlackElo "2369"]
[BlackCountry "ESP"]
[BlackFideId "32096585"]
[BlackEloChange "2"]

1. c4 {[%clk 1:30:00]} Nf6 {[%clk 1:30:00]} 2. Nc3 {[%clk 1:31:00]} c5 {[%clk
1:29:00]} 3. g3 {[%clk 1:31:00]} Nc6 {[%clk 1:28:00]} 4. Bg2 {[%clk 1:31:00]} e5
{[%clk 1:25:00]} 5. d3 {[%clk 1:32:00]} h6 {[%clk 1:25:00]} 6. Nf3 {[%clk
1:32:00]} Be7 {[%clk 1:24:00]} 7. O-O {[%clk 1:33:00]} O-O {[%clk 1:23:00]} 8.
Ne1 {[%clk 1:31:00]} d6 {[%clk 1:22:00]} 9. Nc2 {[%clk 1:32:00]} Be6 {[%clk
1:21:00]} 10. Ne3 {[%clk 1:31:00]} Qd7 {[%clk 1:15:00]} 11. a3 {[%clk 1:30:00]}
Bh3 {[%clk 1:14:00]} 12. Rb1 {[%clk 1:30:00]} Bxg2 {[%clk 1:13:00]} 13. Kxg2
{[%clk 1:30:00]} Nd4 {[%clk 1:11:00]} 14. Ned5 {[%clk 1:28:00]} Nxd5 {[%clk
1:10:00]} 15. Nxd5 {[%clk 1:28:00]} f5 {[%clk 1:07:00]} 16. f4 {[%clk 1:23:00]}
Rae8 {[%clk 0:54:00]} 17. e3 {[%clk 1:21:00]} Ne6 {[%clk 0:49:00]} 18. b4 {[%clk
1:21:00]} cxb4 {[%clk 0:49:00]} 19. Rxb4 {[%clk 1:17:00]} b6 {[%clk 0:48:00]} 20.
Bb2 {[%clk 1:15:00]} Qb7 {[%clk 0:43:00]} 21. Qf3 {[%clk 1:14:00]} Kh8 {[%clk
0:40:00]} 22. a4 {[%clk 1:07:00]} Nc5 {[%clk 0:37:00]} 23. e4 {[%clk 0:58:00]}
fxe4 {[%clk 0:35:00]} 24. dxe4 {[%clk 0:58:00]} Bd8 {[%clk 0:34:00]} 25. f5
{[%clk 0:57:00]} a5 {[%clk 0:34:00]} 26. Rb5 {[%clk 0:57:00]} Nxa4 {[%clk
0:35:00]} 27. Ba3 {[%clk 0:57:00]} Nc5 {[%clk 0:34:00]} 28. Bxc5 {[%clk 0:57:00]}
dxc5 {[%clk 0:34:00]} 29. Rfb1 {[%clk 0:56:00]} Qf7 {[%clk 0:34:00]} 30. g4
{[%clk 0:54:00]} g6 {[%clk 0:29:00]} 31. Qh3 {[%clk 0:49:00]} Qg7 {[%clk
0:27:00]} 32. Kf3 {[%clk 0:46:00]} gxf5 {[%clk 0:24:00]} 33. gxf5 {[%clk
0:45:00]} Qg5 {[%clk 0:22:00]} 34. Qg3 {[%clk 0:40:00]} Qd2 {[%clk 0:21:00]} 35.
Qf2 {[%clk 0:40:00]} Rxf5+ {[%clk 0:18:41]} 36. exf5 {[%clk 0:40:00]} e4+ {[%clk
0:19:01]} 37. Kg2 {[%clk 0:40:00]} Rg8+ {[%clk 0:19:25]} 38. Kf1 {[%clk 0:40:00]}
Qd3+ {[%clk 0:19:45]} 39. Qe2 {[%clk 0:39:00]} Qh3+ {[%clk 0:17:43]} 40. Ke1
{[%clk 0:39:00]} Rg1+ {[%clk 0:17:45]} 41. Kd2 {[%clk 0:39:00]} Rg2 {[%clk
0:17:56]} 42. Qxg2 {[%clk 0:38:00]} Qxg2+ {[%clk 0:18:25]} 43. Kc3 {[%clk
0:38:00]} Qf3+ {[%clk 0:17:52]} 44. Kb2 {[%clk 0:36:00]} Qxf5 {[%clk 0:13:53]}
45. Rb3 {[%clk 0:35:00]} a4 {[%clk 0:13:39]} 46. Rg3 {[%clk 0:35:00]} Qf2+ {[%clk
0:12:27]} 47. Ka3 {[%clk 0:35:00]} Qxh2 {[%clk 0:11:18]} 48. Rbg1 {[%clk
0:35:00]} Bg5 {[%clk 0:11:41]} 49. Kxa4 {[%clk 0:32:00]} Qa2+ {[%clk 0:11:32]}
50. Kb5 {[%clk 0:32:00]} Qa5+ {[%clk 0:11:52]} 51. Kc6 {[%clk 0:32:00]} Qa4+
{[%clk 0:12:17]} 52. Kxb6 {[%clk 0:32:00]} Qxc4 {[%clk 0:12:43]} 53. Kc6 {[%clk
0:32:00]} Qd4 {[%clk 0:29:00]} 54. Rxg5 {[%clk 0:30:00]} hxg5 {[%clk 0:11:17]}
55. Rxg5 {[%clk 0:11:53]} e3 {[%clk 0:29:00]} 56. Rh5+ {[%clk 0:11:47]} Kg7
{[%clk 0:29:00]} 57. Nxe3 {[%clk 0:11:28]} Qxe3 {[%clk 0:29:00]} 58. Rxc5 {[%clk
0:11:21]} Kf6 {[%clk 0:28:00]} 59. Rd5 {[%clk 0:10:08]} Qc3+ {[%clk 0:28:00]} 60.
Rc5 {[%clk 0:10:08]} Qb3 {[%clk 0:28:00]} 61. Rb5 {[%clk 0:10:08]} Qc4+ {[%clk
0:28:00]} 62. Rc5 {[%clk 0:10:08]} Qa6+ {[%clk 0:28:00]} 63. Kd5 {[%clk 0:10:08]}
Qd3+ {[%clk 0:28:00]} 64. Kc6 {[%clk 0:10:08]} Ke6 {[%clk 0:28:00]} 65. Kb6
{[%clk 0:10:08]} Qa3 {[%clk 0:28:00]} 66. Kc6 {[%clk 0:10:08]} Qa6+ {[%clk
0:28:00]} 67. Kc7 {[%clk 0:10:08]} Qd6+ {[%clk 0:28:00]} 0-1

[Event "Campeonato España Sub 14"]
[Site "Salobreña"]
[Date "2017.07.19"]
[Round "5"]
[White "Eizaguerri Floris, Maria"]
[Black "Amador Garcia, Ismael"]
[Result "1-0"]
[Board "3"]
[WhiteClock "1:30"]
[WhiteTitle "WFM"]
[WhiteElo "2075"]
[WhiteCountry "ESP"]
[WhiteFideId "32065752"]
[WhiteEloChange "5"]
[BlackClock "1:30"]
[BlackElo "1877"]
[BlackCountry "ESP"]
[BlackFideId "32040920"]
[BlackEloChange "-5"]

1. e4 {[%clk 1:30:00]} c5 {[%clk 1:30:00]} 2. c3 {[%clk 1:31:00]} d5 {[%clk
1:31:00]} 3. exd5 {[%clk 1:31:00]} Nf6 {[%clk 1:31:00]} 4. Nf3 {[%clk 1:27:00]}
Nxd5 {[%clk 1:31:00]} 5. d4 {[%clk 1:26:00]} cxd4 {[%clk 1:31:00]} 6. Qxd4 {[%clk
1:20:00]} Nc6 {[%clk 1:30:00]} 7. Bb5 {[%clk 1:20:00]} e6 {[%clk 1:30:00]} 8. O-O
{[%clk 1:18:00]} Bd7 {[%clk 1:29:00]} 9. Bxc6 {[%clk 1:11:00]} Bxc6 {[%clk
1:29:00]} 10. Ne5 {[%clk 1:11:00]} Qc7 {[%clk 1:24:00]} 11. Be3 {[%clk 1:03:00]}
Bd6 {[%clk 1:18:00]} 12. Nf3 {[%clk 0:52:00]} Nxe3 {[%clk 1:11:00]} 13. fxe3
{[%clk 0:52:00]} Bxf3 {[%clk 1:08:00]} 14. Rxf3 {[%clk 0:51:00]} Bxh2+ {[%clk
1:06:00]} 15. Kh1 {[%clk 0:51:00]} Be5 {[%clk 1:04:00]} 16. Qe4 {[%clk 0:46:00]}
O-O {[%clk 0:58:00]} 17. Nd2 {[%clk 0:45:00]} g6 {[%clk 0:57:00]} 18. Raf1 {[%clk
0:43:00]} Rad8 {[%clk 0:54:00]} 19. Nb3 {[%clk 0:43:00]} Bg7 {[%clk 0:49:00]} 20.
Rh3 {[%clk 0:41:00]} Rd5 {[%clk 0:46:00]} 21. Nd4 {[%clk 0:40:00]} Qc4 {[%clk
0:38:00]} 22. Kg1 {[%clk 0:32:00]} Bxd4 {[%clk 0:35:00]} 23. exd4 {[%clk
0:32:00]} Qxa2 {[%clk 0:33:00]} 24. Qe3 {[%clk 0:27:00]} Qa5 {[%clk 0:26:00]} 25.
Rhf3 {[%clk 0:18:28]} Qd8 {[%clk 0:23:00]} 26. Rf6 {[%clk 0:17:51]} Qc7 {[%clk
0:19:39]} 27. Rxe6 {[%clk 0:14:36]} Rh5 {[%clk 0:16:35]} 28. Re5 {[%clk 0:10:06]}
Rxe5 {[%clk 0:16:20]} 29. dxe5 {[%clk 0:10:32]} Re8 {[%clk 0:16:17]} 30. Re1
{[%clk 0:10:22]} b6 {[%clk 0:15:59]} 31. Qe4 {[%clk 0:07:51]} Re6 {[%clk
0:15:06]} 32. Qd5 {[%clk 0:06:43]} Kg7 {[%clk 0:14:18]} 33. c4 {[%clk 0:04:36]}
a5 {[%clk 0:13:22]} 34. b3 {[%clk 0:04:26]} Qc6 {[%clk 0:13:17]} 35. Qxc6 {[%clk
0:01:29]} Rxc6 {[%clk 0:13:08]} 36. Kf2 {[%clk 0:01:58]} h5 {[%clk 0:11:24]} 37.
Re4 {[%clk 0:01:32]} g5 {[%clk 0:09:42]} 38. Ke3 {[%clk 0:01:47]} Kf8 {[%clk
0:09:41]} 39. Rd4 {[%clk 0:01:06]} Ke7 {[%clk 0:08:19]} 40. Ke4 {[%clk 0:01:30]}
g4 {[%clk 0:03:23]} 41. Kf5 {[%clk 0:01:01]} f6 {[%clk 0:03:09]} 42. Re4 {[%clk
0:01:01]} Rc5 {[%clk 0:02:47]} 43. Kg6 {[%clk 0:01:02]} Rxe5 {[%clk 0:01:10]} 44.
Rxe5+ {[%clk 0:01:06]} fxe5 {[%clk 0:01:39]} 45. Kxh5 {[%clk 0:01:31]} g3 {[%clk
0:01:02]} 46. Kg4 {[%clk 0:01:54]} Kd6 {[%clk 0:01:29]} 47. Kxg3 {[%clk 0:02:20]}
Kc5 {[%clk 0:01:57]} 48. Kf3 {[%clk 0:02:44]} Kb4 {[%clk 0:02:21]} 49. g4 {[%clk
0:03:05]} Kxb3 {[%clk 0:02:30]} 50. c5 {[%clk 0:01:55]} bxc5 {[%clk 0:02:37]} 51.
g5 {[%clk 0:02:21]} a4 {[%clk 0:02:43]} 52. g6 {[%clk 0:02:49]} a3 {[%clk
0:03:05]} 53. g7 {[%clk 0:03:17]} a2 {[%clk 0:03:17]} 54. g8Q+ {[%clk 0:03:43]}
Kb2 {[%clk 0:02:47]} 55. Qb8+ {[%clk 0:03:59]} Kc2 {[%clk 0:02:26]} 56. Qa7
{[%clk 0:03:49]} Kb2 {[%clk 0:02:36]} 57. Qb6+ {[%clk 0:04:14]} Kc2 {[%clk
0:02:28]} 58. Qa5 {[%clk 0:04:41]} Kb2 {[%clk 0:02:26]} 59. Qb5+ {[%clk 0:05:06]}
Kc2 {[%clk 0:02:30]} 60. Qe2+ {[%clk 0:05:04]} Kb1 {[%clk 0:02:34]} 61. Qb5+
{[%clk 0:04:20]} Kc2 {[%clk 0:04:47]} 62. Qxc5+ {[%clk 0:02:26]} Kb2 {[%clk
0:02:25]} 63. Qb4+ {[%clk 0:05:14]} Kc2 {[%clk 0:02:27]} 64. Qa3 {[%clk 0:01:20]}
e4+ {[%clk 0:05:36]} 65. Ke3 {[%clk 0:01:20]} Kb1 {[%clk 0:05:36]} 66. Qb3+
{[%clk 0:01:20]} Ka1 {[%clk 0:05:36]} 67. Kd2 {[%clk 0:01:20]} e3+ {[%clk
0:05:36]} 68. Kc2 {[%clk 0:01:20]} 1-0

[Event "Campeonato España Sub 14"]
[Site "Salobreña"]
[Date "2017.07.19"]
[Round "5"]
[White "Buitron Ramil, David"]
[Black "Rodriguez Del Cerro, Ricardo"]
[Result "0-1"]
[Board "4"]
[WhiteClock "1:30"]
[WhiteElo "1795"]
[WhiteCountry "ESP"]
[WhiteFideId "24519731"]
[WhiteEloChange "-4"]
[BlackClock "1:30"]
[BlackElo "2034"]
[BlackCountry "ESP"]
[BlackFideId "24512451"]
[BlackEloChange "4"]

1. e4 {[%clk 1:30:00]} e6 {[%clk 1:30:00]} 2. d4 {[%clk 1:30:00]} d5 {[%clk
1:31:00]} 3. Nc3 {[%clk 1:31:00]} Nf6 {[%clk 1:31:00]} 4. Bg5 {[%clk 1:32:00]}
Be7 {[%clk 1:32:00]} 5. e5 {[%clk 1:32:00]} Nfd7 {[%clk 1:32:00]} 6. h4 {[%clk
1:32:00]} h6 {[%clk 1:33:00]} 7. Bxe7 {[%clk 1:32:00]} Qxe7 {[%clk 1:33:00]} 8.
f4 {[%clk 1:33:00]} a6 {[%clk 1:33:00]} 9. Nf3 {[%clk 1:32:00]} b5 {[%clk
1:31:00]} 10. Qd2 {[%clk 1:30:00]} c5 {[%clk 1:32:00]} 11. O-O-O {[%clk 1:20:00]}
c4 {[%clk 1:32:00]} 12. f5 {[%clk 1:20:00]} Nb6 {[%clk 1:23:00]} 13. f6 {[%clk
1:11:00]} gxf6 {[%clk 1:22:00]} 14. exf6 {[%clk 1:03:00]} Qxf6 {[%clk 1:22:00]}
15. Ne5 {[%clk 1:03:00]} N8d7 {[%clk 1:14:00]} 16. Qe3 {[%clk 0:58:00]} Bb7
{[%clk 0:56:00]} 17. Be2 {[%clk 0:58:00]} Qe7 {[%clk 0:53:00]} 18. Bh5 {[%clk
0:52:00]} Nxe5 {[%clk 0:53:00]} 19. dxe5 {[%clk 0:52:00]} Nd7 {[%clk 0:53:00]}
20. Rhf1 {[%clk 0:46:00]} Rh7 {[%clk 0:51:00]} 21. Rxf7 {[%clk 0:46:00]} Rxf7
{[%clk 0:52:00]} 22. Rf1 {[%clk 0:47:00]} O-O-O {[%clk 0:50:00]} 23. Rxf7 {[%clk
0:47:00]} Qxh4 {[%clk 0:50:00]} 24. g4 {[%clk 0:47:00]} Qh1+ {[%clk 0:25:00]} 25.
Nd1 {[%clk 0:47:00]} d4 {[%clk 0:24:00]} 26. Qxh6 {[%clk 0:26:00]} Bf3 {[%clk
0:24:00]} 27. Rxf3 {[%clk 0:26:00]} Qxf3 {[%clk 0:24:00]} 28. Qxe6 {[%clk
0:27:00]} Qf4+ {[%clk 0:24:00]} 29. Kb1 {[%clk 0:27:00]} Qxe5 {[%clk 0:23:00]}
30. Qxa6+ {[%clk 0:27:00]} Kb8 {[%clk 0:22:00]} 31. g5 {[%clk 0:26:00]} Qd5
{[%clk 0:16:39]} 32. Bg4 {[%clk 0:23:00]} d3 {[%clk 0:10:48]} 33. Nc3 {[%clk
0:15:02]} Rf8 {[%clk 0:01:57]} 34. Bd1 {[%clk 0:11:15]} Rf1 {[%clk 0:01:00]} 35.
g6 {[%clk 0:05:22]} b4 {[%clk 0:00:47]} 36. g7 {[%clk 0:01:17]} bxc3 {[%clk
0:00:44]} 37. g8Q+ {[%clk 0:01:01]} Qxg8 {[%clk 0:01:13]} 38. Qd6+ {[%clk
0:01:12]} Kc8 {[%clk 0:01:35]} 39. Qc6+ {[%clk 0:00:35]} Kd8 {[%clk 0:01:52]} 40.
Qa8+ {[%clk 0:00:15]} Ke7 {[%clk 0:02:18]} 41. Qe4+ {[%clk 0:00:53]} Qe6 {[%clk
0:01:55]} 42. Qh7+ {[%clk 0:00:52]} Kd6 {[%clk 0:01:55]} 43. Qh2+ {[%clk
0:01:10]} Ne5 {[%clk 0:01:44]} 44. Qh5 {[%clk 0:01:24]} Qg6 {[%clk 0:01:44]} 0-1